Slovenská pošta sa má zmeniť na akciovú spoločnosť
Hospodárenie Slovenskej pošty (SP), š.p. Banská Bystrica za prvý polrok 1999. Zisk pred zdanením, tržby. V druhom polroku očakáva podnik zhoršenie ekonomickej situácie. V blízkej budúcnosti by sa SP mala transformovať na akciovú spoločnosť. Nárast konkurencie v oblasti poštových služieb.
Guardado en:
| Autor principal: | |
|---|---|
| Formato: | Capítulo de libro |
| Lenguaje: | eslovaco |
| Materias: | |
| Etiquetas: |
Sin Etiquetas, Sea el primero en etiquetar este registro!
|
MARC
| LEADER | 00000naa a2200000 4500 | ||
|---|---|---|---|
| 001 | r035988 | ||
| 005 | 20230921103715.5 | ||
| 041 | 0 | |a slo | |
| 044 | |a SK | ||
| 245 | 1 | 0 | |a Slovenská pošta sa má zmeniť na akciovú spoločnosť |c Juraj Hrúz |
| 520 | |a Hospodárenie Slovenskej pošty (SP), š.p. Banská Bystrica za prvý polrok 1999. Zisk pred zdanením, tržby. V druhom polroku očakáva podnik zhoršenie ekonomickej situácie. V blízkej budúcnosti by sa SP mala transformovať na akciovú spoločnosť. Nárast konkurencie v oblasti poštových služieb. | ||
| 610 | 2 | 0 | |a pošty |
| 610 | 2 | 0 | |a hospodárenie podnikové |
| 610 | 2 | 0 | |a ukazovatele ekonomické |
| 610 | 2 | 0 | |a zisk |
| 610 | 2 | 0 | |a tržby |
| 610 | 2 | 0 | |a konkurencia |
| 610 | 2 | 0 | |a spoločnosti akciové |
| 610 | 2 | 0 | |a Slovenská pošta, š.p. Banská Bystrica |
| 610 | 2 | 0 | |a 1999 |
| 100 | 1 | |a Hrúz, Juraj | |